El problema de la inflación: ii (fotocopia) /

Guardado en:
Formato: Libro
Publicado: : , 0
Materias:
Fc
Etiquetas: Agregar Etiqueta
Sin Etiquetas, Sea el primero en etiquetar este registro!
LEADER 00381nam a22001455a 4500
001 CEM.cems007886
005 20060214000000.0
008 130507b######################000#0#####d
003 CEMS
082 0 4 |a F330 
245 0 0 |a El problema de la inflación: ii (fotocopia) / 
260 |a  :  |b , 0 
653 |a Fc 
653 |a Inflacion 
859 |a CEMS  |b BIB. CEMS - 11 de abril  |h F330  |i 12-12  |p 212.44  |t Ej.1